| 000 | 00776nam a2200301Ia 4500 | ||
|---|---|---|---|
| 008 | 170203s9999 xx 000 0 und d | ||
| 020 | _a0-43924238x | ||
| 050 | _aFic | ||
| 050 | _bS422 | ||
| 100 | _aGelsey, James. | ||
| 245 | _aScooby-Doo! and the caveman caper / | ||
| 245 | _cwritten by James Gelsey. | ||
| 260 | _aNew York : | ||
| 260 | _bScholastic, | ||
| 260 | _c©2001. | ||
| 300 | _a55 pages : | ||
| 300 | _bcolor illustrations ; | ||
| 300 | _c20 cm. | ||
| 650 | _aDogs -- | ||
| 650 | _aPrehistoric peoples -- | ||
| 650 | _aPrehistoric peoples. | ||
| 650 | _aScooby-Doo (Fictitious character) -- | ||
| 650 | _aSkating -- | ||
| 650 | _xFiction. | ||
| 650 | _xFiction. | ||
| 650 | _xJuvenile fiction. | ||
| 650 | _xJuvenile fiction. | ||
| 999 |
_c306444 _d306444 |
||